|
|
|
|
| LEADER |
00825nam a2200217 a 4500 |
| 001 |
GR-Patra4421 |
| 008 |
991022s1989 gr 000 0 gre d |
| 040 |
|
|
|a GrPaTEI
|b gre
|c GR-PaULI
|
| 245 |
0 |
0 |
|a Τρία Ελληνικά μονόπρακτα.
|
| 260 |
|
|
|a Αθήνα :
|b Στιγμή,
|c 1989
|
| 300 |
|
|
|a 78σ.
|
| 650 |
|
4 |
|a ΕΛΛΗΝΙΚΗ ΛΟΓΟΤΕΧΝΙΑ
|
| 650 |
|
4 |
|a ΕΛΛΗΝΙΚΗ ΛΟΓΟΤΕΧΝΙΑ
|
| 650 |
|
4 |
|a ΜΥΘΙΣΤΟΡΗΜΑ
|
| 650 |
|
4 |
|a ΜΥΘΙΣΤΟΡΗΜΑ
|
| 700 |
1 |
|
|a Βαλτινός, Θανάσης
|
| 710 |
0 |
|
|a Στιγμή
|
| 942 |
|
|
|2 ddc
|
| 952 |
|
|
|0 0
|1 0
|2 ddc
|4 0
|6 Μ_ΒΑΛ
|7 0
|9 285459
|a LISK
|b LISK
|c BSC
|d 2021-01-17
|e 24
|f 0
|g 0.00
|l 0
|o Μ ΒΑΛ
|p 9241008115
|r 2021-01-17 00:00:00
|t 1
|w 2021-01-17
|y BK15
|x 19991024 0 1
|x GrPaTEI
|
| 971 |
|
|
|a .b26519252
|b 16-04-20
|c 23-09-16
|
| 999 |
|
|
|c 166442
|d 166442
|